000 00490nam a2200193Ia 4500
003 GCL
008 140319s9999 xx 000 0 eng d
040 _aGCL /
_cGCL
082 0 4 _a574
_bK C
100 1 _aROSS, FREDENCK
245 1 0 _aCONCEPTS IN BIOLOGY /
_cROSS, FREDENCK
700 1 _aKORMELINK, RICHARD
700 1 _aSMITH, RODNEY
260 _a[S.N] :
_bWM. C. BROWN PUBLISHERS ،
_c1994
300 _a460 P
650 0 4 _aBIOLOGY
650 0 4 _aNATURAL HISTORY
942 _2ddc
_cBK
999 _c10339
_d10339